000 00636cam a22002053a 4500
001 41039
003 PGUSA
005 20140828083925.0
008 121013s2012||||xxu|||||s|||||000 | eng d
040 _aPGUSA
_beng
042 _adc
100 1 _aVerdier, Phocion-Aristide-Paulin
245 1 0 _aNouveau manuel complet de marine :
_bseconde partie: manoeuvres
_h[electronic resource] /
_cPhocion-Aristide-Paulin Verdier
260 _bProject Gutenberg,
_c2012
506 _aPublic domain in the USA.
516 _aElectronic text
830 0 _aProject Gutenberg
_v41039
856 4 0 _uhttp://www.gutenberg.org/ebooks/41039
942 _cEB
999 _c270291
_d270291